[Event "Cappelle op 30th"]
[Site "Cappelle la Grande"]
[Date "2014.03.06"]
[Round "7"]
[White "Carmaciu, Lucian Catalin"]
[Black "Jarmula, Lukasz"]
[Result "0-1"]
[WhiteElo "2423"]
[BlackElo "2225"]
[PlyCount "42"]
[EventDate "2014.03.01"]
[EventType "swiss"]
[EventRounds "9"]
[EventCountry "FRA"]
[SourceTitle "CBM 159 Extra"]
[Source "ChessBase"]
[SourceDate "2014.04.24"]
[SourceVersion "1"]
[SourceVersionDate "2014.04.24"]
[SourceQuality "1"]

1. e4 c6 2. d3 d5 3. Nd2 e5 4. Ngf3 Bd6 5. Qe2 Nf6 6. exd5 cxd5 7. Nxe5 0-0 8. d4 Re8 9. Ndf3 Nc6 10. Be3 Nxe5 11. dxe5 Bxe5 12. Nxe5 Rxe5 13. h3 Bf5 14. c3 Qa5 15. Qd2 Ne4 16. Qd4 Rae8 17. b4 Qa3 18. Bb5 Nxc3 19. Bxe8 Qb2 20. Bb5 Qxa1+ 21. Kd2 Qb2+ 0-1

[Event "Cappelle op 30th"]
[Site "Cappelle la Grande"]
[Date "2014.03.03"]
[Round "4"]
[White "Capone, Nicola"]
[Black "Carmaciu, Lucian Catalin"]
[Result "0-1"]
[WhiteElo "2251"]
[BlackElo "2423"]
[PlyCount "112"]
[EventDate "2014.03.01"]
[EventType "swiss"]
[EventRounds "9"]
[EventCountry "FRA"]
[SourceTitle "CBM 159 Extra"]
[Source "ChessBase"]
[SourceDate "2014.04.24"]
[SourceVersion "1"]
[SourceVersionDate "2014.04.24"]
[SourceQuality "1"]

1. e4 c5 2. Nf3 e6 3. d4 cxd4 4. Nxd4 a6 5. Bd3 Nc6 6. Nxc6 dxc6 7. Nd2 Qc7 8. 0-0 e5 9. a4 Be6 10. Qe2 Nf6 11. Bc4 Bg4 12. f3 Bd7 13. a5 Bc5+ 14. Kh1 0-0 15. Nb3 Ba7 16. Be3 Bxe3 17. Qxe3 Rad8 18. Rfd1 Bc8 19. Kg1 Rxd1+ 20. Rxd1 Rd8 21. Rd3 Ne8 22. Qc5 Rxd3 23. cxd3 Qd6 24. Kf2 Qf6 25. Ke2 Nd6 26. Nd2 g5 27. d4 Nxc4 28. Nxc4 exd4 29. Kd3 Be6 30. Nd2 g4 31. Qxd4 Qg5 32. b4 gxf3 33. gxf3 h6 34. Qd6 Kh7 35. f4 Qg1 36. f5 Ba2 37. Qg3 Qc1 38. Qe5 Bb1+ 39. Ke2 Bc2 40. Qf4 c5 41. Qd6 c4 42. Nxc4 Bxe4 43. Ne3 Qb2+ 44. Qd2 Qxd2+ 45. Kxd2 Kg7 46. Nc4 Kf6 47. Nd6 Bd5 48. Ke3 Ke5 49. Ne8 Bc6 50. Ng7 Kf6 51. Nh5+ Kxf5 52. Nf4 Ke5 53. Nd3+ Kd5 54. Kf4 Kc4 55. Ne5+ Kxb4 56. Nxf7 h5 0-1

[Event "Cappelle op 30th"]
[Site "Cappelle la Grande"]
[Date "2014.03.02"]
[Round "2"]
[White "Carmaciu, Lucian Catalin"]
[Black "Kravtsiv, Martyn"]
[Result "1-0"]
[WhiteElo "2423"]
[BlackElo "2601"]
[PlyCount "71"]
[EventDate "2014.03.01"]
[EventType "swiss"]
[EventRounds "9"]
[EventCountry "FRA"]
[SourceTitle "CBM 159 Extra"]
[Source "ChessBase"]
[SourceDate "2014.04.24"]
[SourceVersion "1"]
[SourceVersionDate "2014.04.24"]
[SourceQuality "1"]

1. e4 e5 2. Nf3 Nc6 3. Bc4 Nf6 4. d3 Be7 5. 0-0 0-0 6. Re1 d6 7. h3 Na5 8. Nc3 Kh8 9. a4 c5 10. Ng5 Nxc4 11. dxc4 h6 12. Nf3 Nh7 13. Nd2 f5 14. exf5 Bxf5 15. Nde4 Qd7 16. b3 Rf7 17. Ng3 Be6 18. Nce4 Raf8 19. Be3 Nf6 20. Qd3 Nxe4 21. Nxe4 Bxh3 22. gxh3 Qxh3 23. Qf1 Qh4 24. Qg2 Rf3 25. Bd2 g5 26. Re3 g4 27. Rae1 R8f4 28. Rd3 Rf5 29. Qh2 Rh3 30. Rxh3 gxh3 31. Qg3 Qh5 32. Re3 Rf4 33. f3 Rf8 34. Kh2 Bh4 35. Qxh3 Rg8 36. Re2 1-0

[Event "Cappelle op 30th"]
[Site "Cappelle la Grande"]
[Date "2014.03.01"]
[Round "1"]
[White "Carmaciu, Lucian Catalin"]
[Black "Lacrosse, Marc"]
[Result "1-0"]
[WhiteElo "2423"]
[BlackElo "2183"]
[PlyCount "43"]
[EventDate "2014.03.01"]
[EventType "swiss"]
[EventRounds "9"]
[EventCountry "FRA"]
[SourceTitle "CBM 159 Extra"]
[Source "ChessBase"]
[SourceDate "2014.04.24"]
[SourceVersion "1"]
[SourceVersionDate "2014.04.24"]
[SourceQuality "1"]

1. e4 e5 2. Nf3 Nc6 3. Bc4 Bc5 4. c3 Nf6 5. d3 a6 6. Bb3 Ba7 7. Nbd2 0-0 8. h3 d5 9. Qe2 Re8 10. Nf1 h6 11. g4 dxe4 12. dxe4 Be6 13. Ng3 Qd7 14. g5 hxg5 15. Bxg5 Bxb3 16. Bxf6 Qe6 17. Nh5 gxf6 18. axb3 Kf8 19. Nh4 Ne7 20. Qd2 Ng6 21. Nf5 Nf4 22. 0-0-0 1-0

[Event "ROM-chT2"]
[Site "Olanesti"]
[Date "2013.10.16"]
[Round "5.1"]
[White "Nita, Lucian"]
[Black "Carmaciu, Lucian Catalin"]
[Result "0-1"]
[WhiteElo "2206"]
[BlackElo "2420"]
[PlyCount "36"]
[EventDate "2013.10.12"]
[EventType "team-tourn"]
[EventRounds "9"]
[EventCountry "ROU"]
[SourceTitle "EXT 2014"]
[Source "ChessBase"]
[SourceDate "2013.11.20"]
[SourceVersion "1"]
[SourceVersionDate "2013.11.20"]
[SourceQuality "1"]
[WhiteTeam "Targoviste University"]
[BlackTeam "Galati CC"]
[WhiteTeamCountry "ROU"]
[BlackTeamCountry "ROU"]

1. e4 c5 2. Nf3 Nc6 3. Nc3 e6 4. g3 d5 5. d3 Nf6 6. Bg5 d4 7. Ne2 Qb6 8. Qc1 e5 9. h4 Ng4 10. h5 c4 11. Nh2 cxd3 12. cxd3 Nb4 13. Ng1 Be6 14. Qd1 Rc8 15. Rc1 Rxc1 16. Bxc1 Nxa2 17. Nxg4 Bb3 18. Qf3 Bb4+ 0-1

[Event "Vaujany op 4th"]
[Site "Vaujany"]
[Date "2013.07.16"]
[Round "6"]
[White "Carmaciu, Lucian Catalin"]
[Black "Solozhenkin, Evgeniy"]
[Result "0-1"]
[WhiteElo "2416"]
[BlackElo "2458"]
[PlyCount "204"]
[EventDate "2013.07.11"]
[EventType "swiss"]
[EventRounds "9"]
[EventCountry "FRA"]
[SourceTitle "EXT 2014"]
[Source "ChessBase"]
[SourceDate "2013.11.20"]
[SourceVersion "1"]
[SourceVersionDate "2013.11.20"]
[SourceQuality "1"]

1. e4 c6 2. d4 d5 3. e5 Bf5 4. h4 h5 5. c4 e6 6. Nc3 dxc4 7. Bxc4 Nd7 8. Nge2 Nb6 9. Bb3 Ne7 10. Ng3 Bg6 11. Bg5 Qd7 12. 0-0 Nf5 13. Nxf5 Bxf5 14. Re1 Be7 15. Ne4 Bxe4 16. Rxe4 Bxg5 17. hxg5 Qe7 18. Qd2 0-0-0 19. Rc1 Nd5 20. Rh4 g6 21. a3 Rhf8 22. Bc4 Kb8 23. b4 Nc7 24. Rc3 Rd7 25. Rd3 Rfd8 26. Re4 Nd5 27. Re1 Qe8 28. Rd1 Rc7 29. Rb1 Ne7 30. Kf1 Nf5 31. Qf4 Qd7 32. g3 Qc8 33. Rbd1 Rcd7 34. f3 Qc7 35. g4 hxg4 36. fxg4 Ne7 37. Rf3 a6 38. Rdd3 Nc8 39. Ke2 Qb6 40. Ke3 Ne7 41. Rf1 Rh8 42. Kd2 Rh7 43. Kc3 a5 44. Qd2 Rh4 45. Rf4 axb4+ 46. axb4 Rh1 47. Rxf7 Rb1 48. Rf8+ Nc8 49. Bb3 Qa6 50. Qa2 Rc1+ 51. Kb2 Qxd3 52. Kxc1 Rxd4 53. Qb2 Re4 54. Bd1 Rc4+ 55. Bc2 Qe3+ 56. Kb1 Qe1+ 57. Ka2 Rxb4 58. Qa3 Rd4 59. Rf3 Qxe5 60. Qc3 Qd6 61. Rf6 Rxg4 62. Rxg6 Qd5+ 63. Qb3 Qa5+ 64. Qa3 Rxg5 65. Rxe6 Qd2 66. Qd3 Ra5+ 67. Kb2 Rb5+ 68. Ka2 Qb4 69. Qg3+ Ka7 70. Qb3 Nb6 71. Qxb4 Rxb4 72. Bb3 Rd4 73. Kb2 Nd5 74. Rh6 Kb6 75. Rh7 Rd2+ 76. Kc1 Rd3 77. Kc2 Nb4+ 78. Kb2 Re3 79. Rg7 Nd3+ 80. Kc2 Nc5 81. Bg8 Kb5 82. Rg4 Re4 83. Rg1 Na6 84. Kd3 Rh4 85. Rg5+ Kb4 86. Rg6 Nc5+ 87. Kd2 Na4 88. Bf7 c5 89. Rg1 Nc3 90. Rg8 b5 91. Rb8 c4 92. Be8 Rh8 93. Ke1 Rh2 94. Bd7 Kc5 95. Rc8+ Kd4 96. Rd8 Ke3 97. Re8+ Ne4 98. Kf1 b4 99. Kg1 Rd2 100. Bf5 Rd4 101. Rb8 c3 102. Rc8 Kd2 0-1